US Cities With the Highest Percent of their Metro Area Populations - Statistics

General Stats
  • This quiz has been taken 32 times
    31 since last reset
  • The average score is 19 of 25
Answer Stats
Percent of Metro Area Population Population Answer % Correct
78.13% 678,815 El Paso
93%
59.13% 949,611 Jacksonville
93%
42.05% 1,386,932 San Diego
93%
42.12% 961,855 Austin
89%
42.35% 905,748 Columbus
89%
46.54% 542,107 Fresno
89%
43.84% 8,804,190 New York City
89%
42.48% 887,642 Indianapolis
86%
47.77% 681,054 Oklahoma City
86%
56.08% 1,434,625 San Antonio
86%
61.60% 564,559 Albuquerque
82%
44.37% 403,455 Bakersfield
82%
47.06% 633,104 Memphis
82%
50.23% 486,051 Omaha
82%
40.68% 413,066 Tulsa
82%
50.65% 1,013,240 San Jose
79%
46.47% 633,045 Louisville
75%
61.38% 397,532 Wichita
75%
52.00% 542,629 Tucson
68%
63.43% 478,961 Colorado Springs
61%
39.09% 228,989 Spokane
61%
39.64% 269,840 Madison
54%
41.17% 320,804 Stockton
46%
44.68% 270,871 Toledo
39%
48.14% 283,506 Durham
29%
No matching quizzes found
Score Distribution
Percent of People with Each Score
Percentile by Number Answered
Your Score History
You have not taken this quiz since the last reset